000 00819nam a2200253 i 4500
001 59889
003 ES-MaACL
005 20250827062604.0
007 t|
008 031031s1985 sp ||||1| spa d
020 _a84-309-1207-X
110 1 _aEspaña
_93622
240 1 0 _aLey electoral, 1985
245 1 0 _aCódigo de Derecho electoral español /
_cedición preparada por Enrique Alvarez Conde y Juan Carlos González Hernández.
260 _aMadrid :
_bTecnos,
_c1985.
300 _a458 p. ;
_c17 cm.
490 1 _aBiblioteca de textos legales
700 1 _aAlvarez Conde, Enrique.
_9180871
700 1 _aGonzález Hernández, Juan Carlos.
_958702
740 0 _aLey electoral, 1985.
830 0 _aBiblioteca de textos legales
_9177271
852 _aES-MaACL
_jL-9322
_bR.111042
999 _c59889
_d59889